Meest beklommen beklimmingen uit de Ronde van Frankrijk - Statistieken

Algemene statistieken
  • Deze quiz is 55 keer genomen
  • De gemiddelde score is 6 van 20
Antwoordstatistieken
# Cat Top (m) Lengte (km) Gebergte Tip Beklimming % Correct
82 HC 2.115 18,9 Pyreneeën T Col du {Tourmalet}
80%
31 HC 1.850 16,4 Alpen AdH Alpe d'Huez
69%
26 HC 1.993 25,3 Alpen M Col de la {Madeleine}
61%
60 HC 2.643 35,1 Alpen G Col du {Galibier}
59%
75 1 1.489 24,5 Pyreneeën A Col d'{Aspin}
45%
35 HC 2.361 19,1 Alpen I Col d'{Izoard}
37%
58 2 1.069 18,4 Pyreneeën PdA Portet d'Aspet
37%
74 HC 1.709 30,1 Pyreneeën A Col d'{Aubisque}
35%
33 2 1.250 15,7 Pyreneeën P Col de {Port}
35%
28 1 1.175 8,9 Vogezen/Jura BdA Ballon d'Alsace
29%
66 1 1.569 18,3 Pyreneeën P Col de {Peyresourde}
27%
33 2 1.566 12,1 Alpen T Col du {Telegraphe}
27%
40 1 1.468 19,1 Alpen A Col des {Aravis}
18%
34 1 2.042 18,8 Alpen V Col de {Vars}
14%
34 1 2.250 22,3 Alpen A Col d'{Allos}
8%
33 2 1.305 11,2 Vogezen/Jura F Col de la {Faucille}
8%
26 2 797 17,1 Pyreneeën A Col des {Ares}
8%
27 2 1.920 27,2 Pyreneeën P Col de {Puymorens}
6%
25 1 1.246 7,5 Alpen B Col {Bayard}
4%
27 2 1.002 11,5 Alpen B Col de {Braus}
4%
Geen overeenkomende quizzen gevonden
Scoreverdeling
Procent van Mensen met Elke Score
Percentiel versus Aantal Correcte Antwoorden
Uw Scoregeschiedenis
U heeft deze quiz nog niet genomen